[Event "Paignton Ron Bruce Premier"]
[Site "Paignton"]
[Date "2010.09.10"]
[Round "6"]
[White "Dilleigh, Stephen P"]
[Black "Bass, John"]
[Result "1/2-1/2"]
[WhiteElo "2110"]
[BlackElo "2041"]
[PlyCount "49"]
[EventDate "2010.09.05"]
[EventType "swiss"]
[EventRounds "7"]
[EventCountry "ENG"]

1. d4 Nf6 2. c4 e6 3. g3 d5 4. Nf3 Be7 5. Bg2 O-O 6. O-O b6 7. Nc3 Bb7 8. cxd5
exd5 9. Qb3 c6 10. Rd1 Na6 11. Ne5 Qc8 12. Bf4 Qe6 13. e4 dxe4 14. Qxe6 fxe6
15. Nxe4 Nxe4 16. Bxe4 Nb4 17. Bg2 Nd5 18. Bd2 Bf6 19. Bh3 Rfe8 20. Re1 Rad8
21. Rac1 Bxe5 22. Rxe5 Kf7 23. Rce1 Nc7 24. Bc3 Ba6 25. b3 1/2-1/2

[Event "Paignton Ron Bruce Premier"]
[Site "Paignton"]
[Date "2010.09.10"]
[Round "6"]
[White "Gill, Neville B K"]
[Black "Lewyk, Ihor"]
[Result "1/2-1/2"]
[WhiteElo "2115"]
[BlackElo "2110"]
[PlyCount "54"]
[EventDate "2010.09.05"]
[EventType "swiss"]
[EventRounds "7"]
[EventCountry "ENG"]

1. d4 Nf6 2. c4 c5 3. d5 b5 4. cxb5 a6 5. bxa6 Bxa6 6. Nc3 g6 7. e4 Bxf1 8.
Kxf1 d6 9. g3 Bg7 10. Kg2 O-O 11. Nf3 Nbd7 12. h3 Nb6 13. Re1 Qc7 14. Bg5 h6
15. Bf4 Nh5 16. Be3 Nc4 17. Qe2 Nxe3+ 18. Qxe3 Rfb8 19. b3 c4 20. b4 Rxb4 21.
e5 dxe5 22. Nxe5 Qxe5 23. Qxe5 Bxe5 24. Rxe5 Ra3 25. Rc1 Kf8 26. Rc2 Nf6 27.
Kf3 Nh7 1/2-1/2

[Event "Paignton Ron Bruce Premier"]
[Site "Paignton"]
[Date "2010.09.10"]
[Round "6"]
[White "Hempson, Peter W"]
[Black "Webster, Richard J"]
[Result "0-1"]
[WhiteElo "2111"]
[BlackElo "1956"]
[PlyCount "94"]
[EventDate "2010.09.05"]
[EventType "swiss"]
[EventRounds "7"]
[EventCountry "ENG"]

1. d4 Nf6 2. c4 g6 3. Nc3 d5 4. cxd5 Nxd5 5. e4 Nxc3 6. bxc3 Bg7 7. Bc4 O-O 8.
Ne2 c5 9. O-O Nc6 10. dxc5 Qc7 11. Bf4 Qa5 12. Be3 Bg4 13. f3 Rad8 14. Qc2 Bc8
15. Rad1 Ne5 16. Bd5 e6 17. Bb3 Bd7 18. Rd6 Rfe8 19. c4 Bf8 20. Qd2 Qc7 21. Rd1
Be7 22. h3 Bc6 23. f4 Nd7 24. e5 b6 25. cxb6 Nxb6 26. c5 Nd5 27. Nd4 Ba8 28.
Nb5 Qb7 29. Rxd8 Rxd8 30. Nd6 Bxd6 31. Bxd5 Bxc5 32. Bxb7 Rxd2 33. Rxd2 Bxe3+
34. Kh1 Bxb7 35. Rd3 Bb6 36. Kh2 Bd5 37. a3 a5 38. g4 a4 39. Kg3 Ba5 40. f5 g5
41. Rd4 Bb3 42. fxe6 fxe6 43. Rd7 Bc3 44. h4 Bxe5+ 45. Kh3 h6 46. hxg5 hxg5 47.
Kg2 Bb2 0-1

[Event "Paignton Ron Bruce Premier"]
[Site "Paignton"]
[Date "2010.09.10"]
[Round "6"]
[White "Hodgson, John H"]
[Black "McKenna, Jason P"]
[Result "1/2-1/2"]
[WhiteElo "2179"]
[BlackElo "2082"]
[PlyCount "42"]
[EventDate "2010.09.05"]
[EventType "swiss"]
[EventRounds "7"]
[EventCountry "ENG"]

1. e4 g6 2. d4 Bg7 3. Nc3 d6 4. f4 c6 5. Nf3 Bg4 6. Be3 Qb6 7. Qd2 Bxf3 8. gxf3
Nd7 9. O-O-O Qa5 10. Kb1 Ngf6 11. Rg1 Nh5 12. f5 O-O-O 13. Bc4 Rhf8 14. Bb3 Kb8
15. Bh6 Bxh6 16. Qxh6 Nhf6 17. Rde1 gxf5 18. e5 dxe5 19. dxe5 Nxe5 20. Qf4 Nfd7
21. Qxf5 e6 1/2-1/2

[Event "Paignton Ron Bruce Premier"]
[Site "Paignton"]
[Date "2010.09.10"]
[Round "6"]
[White "Hurwitz, Ed"]
[Black "Kemp, Paul R"]
[Result "1/2-1/2"]
[WhiteElo "2011"]
[BlackElo "2106"]
[PlyCount "41"]
[EventDate "2010.09.05"]
[EventType "swiss"]
[EventRounds "7"]
[EventCountry "ENG"]

1. Nc3 d5 2. e4 c6 3. Qf3 dxe4 4. Nxe4 Nf6 5. Bc4 e6 6. d3 Nbd7 7. Qg3 Nxe4 8.
dxe4 Qa5+ 9. Bd2 Qe5 10. Qxe5 Nxe5 11. Be2 Bc5 12. f4 Nd7 13. Nf3 a5 14. e5 b6
15. Ng5 Be7 16. Ne4 Nc5 17. Bf3 Nxe4 18. Bxe4 Kd7 19. Be3 Kc7 20. O-O-O Ba6 21.
Rd2 1/2-1/2

[Event "Paignton Ron Bruce Premier"]
[Site "Paignton"]
[Date "2010.09.10"]
[Round "6"]
[White "James, Russell A"]
[Black "French, Angus"]
[Result "0-1"]
[WhiteElo "2202"]
[BlackElo "2129"]
[PlyCount "68"]
[EventDate "2010.09.05"]
[EventType "swiss"]
[EventRounds "7"]
[EventCountry "ENG"]

1. e4 Nf6 2. e5 Nd5 3. Nf3 d6 4. d4 Bg4 5. Be2 c6 6. exd6 Qxd6 7. h3 Bf5 8. O-O
e6 9. b3 Qc7 10. Bb2 Nd7 11. c4 Nf4 12. Re1 O-O-O 13. Bf1 Be7 14. d5 Bf6 15.
Bxf6 Nxf6 16. Qd4 Kb8 17. Nc3 exd5 18. Re7 Qd6 19. c5 Nxh3+ 20. gxh3 Qxe7 21.
Qf4+ Ka8 22. Qxf5 Qxc5 23. Na4 Qe7 24. Nd4 g6 25. Qf4 Nh5 26. Qf3 f5 27. Rc1
Qg5+ 28. Kh2 Qxc1 29. Bd3 Qf4+ 30. Qxf4 Nxf4 31. Be2 Rhe8 32. Nc5 b6 33. Na6
Kb7 34. Nb4 c5 0-1

[Event "Paignton Ron Bruce Premier"]
[Site "Paignton"]
[Date "2010.09.10"]
[Round "6"]
[White "Jenks, Chris Bruce"]
[Black "Littlejohns, David P"]
[Result "1-0"]
[WhiteElo "2124"]
[BlackElo "2064"]
[PlyCount "85"]
[EventDate "2010.09.05"]
[EventType "swiss"]
[EventRounds "7"]
[EventCountry "ENG"]

1. c4 Nf6 2. g3 c6 3. Nf3 d5 4. Bg2 g6 5. b3 Bg7 6. Bb2 O-O 7. O-O b6 8. d3 Bb7
9. Nbd2 e6 10. Qc2 Nbd7 11. b4 c5 12. bxc5 Nxc5 13. Nb3 Nfd7 14. Bxg7 Kxg7 15.
Nfd2 Nxb3 16. axb3 Qc7 17. Ra3 Rfc8 18. Rfa1 a6 19. Rc1 Qd6 20. Raa1 Kg8 21.
Qb2 Qe5 22. Qxe5 Nxe5 23. d4 Nd7 24. b4 Bc6 25. cxd5 Bxd5 26. e4 Bb7 27. Nc4 f5
28. d5 fxe4 29. dxe6 Nf6 30. Nxb6 Rxc1+ 31. Rxc1 Re8 32. Rc7 Bd5 33. Nxd5 Nxd5
34. Rc4 Rxe6 35. Bxe4 Nf6 36. Bf3 Rb6 37. Rc6 Nd7 38. Bd5+ Kf8 39. Rxb6 Nxb6
40. Bb7 Ke7 41. Bxa6 Nd5 42. b5 Nc7 43. Kg2 {THe remainder of the score cannot
be deciphered.} 1-0

[Event "Paignton Ron Bruce Premier"]
[Site "Paignton"]
[Date "2010.09.10"]
[Round "6"]
[White "Jordan, Dirk"]
[Black "Wells, Jonathan C"]
[Result "1-0"]
[WhiteElo "2170"]
[BlackElo "2072"]
[PlyCount "133"]
[EventDate "2010.09.05"]
[EventType "swiss"]
[EventRounds "7"]
[EventCountry "ENG"]

1. d4 Nf6 2. Bg5 d5 3. Bxf6 exf6 4. g3 c6 5. Bg2 Be6 6. e3 Bd6 7. Ne2 O-O 8.
O-O Nd7 9. Nd2 f5 10. b3 Nf6 11. c4 Ne4 12. c5 Bc7 13. Qc2 Qf6 14. b4 g5 15. a4
Kg7 16. f3 Nxd2 17. Qxd2 h5 18. f4 h4 19. gxh4 gxh4 20. Kh1 Rh8 21. Bh3 Kf8 22.
Rg1 Ke7 23. Qe1 Rag8 24. Rxg8 Rxg8 25. Qf2 Ke8 26. Ng1 Qh6 27. Nf3 Bd8 28. Rg1
Rxg1+ 29. Qxg1 Kf8 30. Bf1 Qh5 31. Qf2 Bf6 32. Be2 Qh6 33. b5 Bc8 34. bxc6 bxc6
35. Qe1 Bd8 36. Qb1 Bc7 37. Ng5 Kg7 38. Kg2 Qg6 39. Kf2 Qh6 40. Bd3 Qf6 41. Qg1
Qg6 42. Nf3 Qxg1+ 43. Kxg1 Bd8 44. Kg2 Bf6 45. Kh3 Kg6 46. a5 Kh5 47. a6 Kg6
48. Bf1 Bd7 49. Be2 Bc8 50. Ne1 Kh6 51. Kg2 Bd8 52. Kf3 Kg7 53. Bd3 Ba5 54. Nc2
Kg6 55. Kg2 Kg7 56. Be2 Kh6 57. Kh3 Bd8 58. Nb4 Bd7 59. Nd3 f6 60. Ne1 Ba5 61.
Ng2 Bd2 62. Kxh4 Bc8 63. Kg3 Bc1 64. Kf2 Bd2 65. Nh4 Bc1 66. Bd3 Kh5 67. Nxf5
1-0

[Event "Paignton Ron Bruce Premier"]
[Site "Paignton"]
[Date "2010.09.10"]
[Round "6"]
[White "Milnes, Anthony CP"]
[Black "Pickersgill, Adrian O"]
[Result "1-0"]
[WhiteElo "2075"]
[BlackElo "2030"]
[PlyCount "61"]
[EventDate "2010.09.05"]
[EventType "swiss"]
[EventRounds "7"]
[EventCountry "ENG"]

1. f4 d5 2. Nf3 Bg4 3. e3 Nd7 4. Be2 Ngf6 5. O-O Bxf3 6. Bxf3 e5 7. d4 e4 8.
Be2 Bd6 9. b3 Qe7 10. c4 c6 11. Nc3 a6 12. c5 Bc7 13. Bd2 h5 14. b4 g6 15. a4
O-O 16. Qb3 Kg7 17. b5 axb5 18. axb5 Rxa1 19. Rxa1 Rb8 20. Ra7 Qe6 21. Qa4 Bd8
22. Ra8 g5 23. Qa7 Rxa8 24. Qxa8 Be7 25. Qxb7 gxf4 26. bxc6 f3 27. c7 Ng4 28.
gxf3 exf3 29. Bxf3 Nxe3 30. Nxd5 Nc4 31. Nf4 1-0

[Event "Paignton Ron Bruce Premier"]
[Site "Paignton"]
[Date "2010.09.10"]
[Round "6"]
[White "Mordue, A Tyson"]
[Black "Simons, Martin J"]
[Result "1/2-1/2"]
[WhiteElo "2258"]
[BlackElo "2178"]
[PlyCount "49"]
[EventDate "2010.09.05"]
[EventType "swiss"]
[EventRounds "7"]
[EventCountry "ENG"]

1. e4 e5 2. Nf3 Nc6 3. Bb5 a6 4. Ba4 Nf6 5. O-O Be7 6. Re1 b5 7. Bb3 O-O 8. d4
d6 9. c3 Bg4 10. Be3 exd4 11. cxd4 d5 12. e5 Ne4 13. Nc3 Bb4 14. a3 Ba5 15.
Nxd5 Bxe1 16. Qxe1 Bxf3 17. gxf3 Nc5 18. Kg2 Ne6 19. Rd1 Kh8 20. Qc3 Qd7 21. f4
Rad8 22. f5 Nexd4 23. Bxd4 Nxd4 24. Rxd4 c6 25. e6 1/2-1/2

[Event "Paignton Ron Bruce Premier"]
[Site "Paignton"]
[Date "2010.09.10"]
[Round "6"]
[White "Spanton, Timothy R"]
[Black "Brusey, Alan W"]
[Result "1-0"]
[WhiteElo "2020"]
[BlackElo "2045"]
[PlyCount "44"]
[EventDate "2010.09.05"]
[EventType "swiss"]
[EventRounds "7"]
[EventCountry "ENG"]

1. c4 c6 2. e4 d5 3. exd5 cxd5 4. d4 Nc6 5. Nc3 e6 6. Nf3 Nf6 7. c5 b6 8. Bb5
Bd7 9. Bxc6 Bxc6 10. b4 bxc5 11. dxc5 Be7 12. Ne5 Bd7 13. O-O O-O 14. Be3 Qb8
15. Qd4 Bb5 16. Nxb5 Qxb5 17. a4 Qb7 18. b5 Ne4 19. c6 Qc7 20. Nd7 Rfd8 21.
Rfc1 h5 22. a5 Bd6 {The remainder of the score cannot be deciphered.} 1-0

[Event "Paignton Ron Bruce Premier"]
[Site "Paignton"]
[Date "2010.09.11"]
[Round "7"]
[White "Bass, John"]
[Black "Brown, Alan M"]
[Result "1/2-1/2"]
[WhiteElo "2041"]
[BlackElo "2106"]
[PlyCount "61"]
[EventDate "2010.09.05"]
[EventType "swiss"]
[EventRounds "7"]
[EventCountry "ENG"]

1. d4 Nf6 2. c4 e6 3. Nc3 Bb4 4. e3 c5 5. Bd3 d5 6. Nf3 Nc6 7. a3 cxd4 8. exd4
dxc4 9. Bxc4 Be7 10. O-O O-O 11. Bg5 b6 12. Qd3 Bb7 13. Rad1 Nd5 14. Bxe7 Ncxe7
15. Ne2 Ng6 16. g3 Qf6 17. Nd2 Rfd8 18. f4 Nge7 19. Nc3 Qh6 20. Nf3 Rac8 21.
Ba2 Qg6 22. Qd2 Qh5 23. Ne5 Qh3 24. Ne4 f6 25. Nf3 Qg4 26. Rde1 h6 27. Nc3 Kh8
28. Nxd5 Bxd5 29. Bxd5 Nxd5 30. Nh4 Ne7 31. Qe2 1/2-1/2

[Event "Paignton Ron Bruce Premier"]
[Site "Paignton"]
[Date "2010.09.11"]
[Round "7"]
[White "Collier, David"]
[Black "Almond, Richard"]
[Result "0-1"]
[WhiteElo "2115"]
[BlackElo "2130"]
[PlyCount "80"]
[EventDate "2010.09.05"]
[EventType "swiss"]
[EventRounds "7"]
[EventCountry "ENG"]

1. d4 d5 2. c4 e6 3. Nc3 Nf6 4. Bg5 Be7 5. e3 O-O 6. Qc2 c5 7. Nf3 Nc6 8. cxd5
exd5 9. Rd1 Be6 10. dxc5 Qa5 11. Nd4 Qxc5 12. Be2 Rac8 13. Nb3 Qb4 14. Qd2 Rfd8
15. O-O h6 16. Bf4 Ne4 17. Nxe4 dxe4 18. Nd4 Qxd2 19. Rxd2 Nxd4 20. exd4 Bxa2
21. Bg4 Rc6 22. Ra1 Bb3 23. h3 a6 24. Be3 b5 25. f3 Bd5 26. f4 g6 27. Bd1 Bb4
28. Rf2 Be1 29. Rc2 Rdc8 30. Rxc6 Rxc6 31. g4 Bb4 32. Kf2 f5 33. Kg3 Kh7 34.
Bf2 a5 35. h4 a4 36. h5 fxg4 37. Kxg4 gxh5+ 38. Kf5 Bd6 39. Bxh5 Rc8 40. Bg3
Rf8+ 0-1

[Event "Paignton Ron Bruce Premier"]
[Site "Paignton"]
[Date "2010.09.11"]
[Round "7"]
[White "Feavyour, John A"]
[Black "Wynarczyk, Raymond"]
[Result "1/2-1/2"]
[WhiteElo "2064"]
[BlackElo "1947"]
[PlyCount "49"]
[EventDate "2010.09.05"]
[EventType "swiss"]
[EventRounds "7"]
[EventCountry "ENG"]

1. d4 d5 2. c4 e6 3. Nc3 Nf6 4. Bg5 c5 5. e3 cxd4 6. exd4 Be7 7. Nf3 O-O 8. Bd3
Nbd7 9. O-O dxc4 10. Bxc4 b6 11. Re1 Bb7 12. Ne5 Rc8 13. Qb3 Nxe5 14. dxe5 Nd5
15. Bxe7 Nxe7 16. Rad1 Qc7 17. Bd3 a6 18. Be4 Bxe4 19. Nxe4 Ng6 20. Nd6 Rcd8
21. Qe3 Qc6 22. Qe4 Qxe4 23. Rxe4 Ne7 24. Rc4 Nd5 25. Rcd4 1/2-1/2

[Event "Paignton Ron Bruce Premier"]
[Site "Paignton"]
[Date "2010.09.11"]
[Round "7"]
[White "French, Angus"]
[Black "Hurwitz, Ed"]
[Result "0-1"]
[WhiteElo "2129"]
[BlackElo "2011"]
[PlyCount "68"]
[EventDate "2010.09.05"]
[EventType "swiss"]
[EventRounds "7"]
[EventCountry "ENG"]

1. e4 d6 2. d4 Nf6 3. Nc3 e5 4. Nf3 Nbd7 5. Bc4 Be7 6. dxe5 dxe5 7. Bg5 c6 8.
a3 Qc7 9. Qe2 O-O 10. h3 Nc5 11. b4 Ne6 12. Be3 b5 13. Bb3 a5 14. bxa5 Rxa5 15.
a4 Ba6 16. Nb1 Nc5 17. Bxc5 Bxc5 18. Nbd2 bxa4 19. Bc4 Bb5 20. O-O Ne8 21. Rfb1
Nd6 22. Nxe5 Bd4 23. Bxb5 cxb5 24. Ndf3 Bxa1 25. Rxa1 Nc4 26. Nd3 Raa8 27. Nd4
Qa5 28. Nf5 Qc3 29. Rb1 a3 30. Rxb5 a2 31. Ne7+ Kh8 32. Rh5 a1=Q+ 33. Kh2 g6
34. Rc5 Qd4 {The remainder of the score cannot be deciphered.} 0-1

[Event "Paignton Ron Bruce Premier"]
[Site "Paignton"]
[Date "2010.09.11"]
[Round "7"]
[White "Gill, Neville B K"]
[Black "Jordan, Dirk"]
[Result "1/2-1/2"]
[WhiteElo "2115"]
[BlackElo "2170"]
[PlyCount "45"]
[EventDate "2010.09.05"]
[EventType "swiss"]
[EventRounds "7"]
[EventCountry "ENG"]

1. d4 d5 2. c4 c6 3. Nc3 Nf6 4. e3 a6 5. Nf3 Bf5 6. Ne5 h6 7. Qb3 Ra7 8. cxd5
cxd5 9. Bd2 e6 10. Rc1 Nbd7 11. Bb5 Bd6 12. Bxd7+ Nxd7 13. Nxd7 Qxd7 14. Na4
Bc7 15. Nc5 Qc8 16. Nd3 O-O 17. Bb4 Re8 18. Bc5 Ra8 19. Bb6 Re7 20. O-O Bxd3
21. Qxd3 Qb8 22. Bxc7 Rxc7 23. Rc3 1/2-1/2

[Event "Paignton Ron Bruce Premier"]
[Site "Paignton"]
[Date "2010.09.11"]
[Round "7"]
[White "Hassall, Mark Ian"]
[Black "Bolt, Graham"]
[Result "0-1"]
[WhiteElo "1942"]
[BlackElo "2062"]
[PlyCount "33"]
[EventDate "2010.09.05"]
[EventType "swiss"]
[EventRounds "7"]
[EventCountry "ENG"]

1. e4 g6 2. d4 Bg7 3. Nc3 d6 4. Bg5 a6 5. Qd2 Nd7 6. O-O-O b5 7. f4 Bb7 8. Re1
Nb6 9. Nf3 b4 10. Nd1 h6 11. Bh4 Nf6 12. e5 dxe5 13. fxe5 Nfd5 14. e6 f6 15.
Bd3 g5 16. Bg6+ Kf8 17. Bd3 {The remainder of the score cannot be deciphered.}
0-1

[Event "Paignton Ron Bruce Premier"]
[Site "Paignton"]
[Date "2010.09.11"]
[Round "7"]
[White "Kemp, Paul R"]
[Black "Hodgson, John H"]
[Result "1/2-1/2"]
[WhiteElo "2106"]
[BlackElo "2179"]
[PlyCount "60"]
[EventDate "2010.09.05"]
[EventType "swiss"]
[EventRounds "7"]
[EventCountry "ENG"]

1. e4 c5 2. c3 Nf6 3. e5 Nd5 4. d4 cxd4 5. Nf3 Nc6 6. Bc4 e6 7. cxd4 d6 8. O-O
Be7 9. Bd2 O-O 10. Nc3 Nxc3 11. Bxc3 a6 12. Re1 b5 13. Bb3 dxe5 14. d5 b4 15.
Bxe5 exd5 16. Qxd5 Bb7 17. Rad1 Qb6 18. Nd4 Nxe5 19. Qxe5 Bf6 20. Qf4 Rad8 21.
Nf5 Rxd1 22. Rxd1 Rd8 23. Rd6 Rxd6 24. Qxd6 Qxd6 25. Nxd6 Ba8 26. Bxf7+ Kf8 27.
Bc4 Bxb2 28. Bxa6 Bd5 29. Bc4 Be5 30. Bxd5 Bxd6 1/2-1/2

[Event "Paignton Ron Bruce Premier"]
[Site "Paignton"]
[Date "2010.09.11"]
[Round "7"]
[White "Lewyk, Ihor"]
[Black "Crombleholme, Alan K"]
[Result "1/2-1/2"]
[WhiteElo "2110"]
[BlackElo "2105"]
[PlyCount "25"]
[EventDate "2010.09.05"]
[EventType "swiss"]
[EventRounds "7"]
[EventCountry "ENG"]

1. Nf3 Nf6 2. d4 e6 3. e3 b6 4. Bd3 Bb7 5. Nbd2 d5 6. O-O Nbd7 7. b3 Ne4 8. Bb2
Be7 9. c4 O-O 10. Rc1 f5 11. Qe2 c6 12. cxd5 exd5 13. Rfd1 1/2-1/2

[Event "Paignton Ron Bruce Premier"]
[Site "Paignton"]
[Date "2010.10.11"]
[Round "7"]
[White "Littlejohns, David P"]
[Black "Thompson, Robert"]
[Result "1/2-1/2"]
[WhiteElo "2064"]
[BlackElo "1895"]
[PlyCount "32"]
[EventDate "2010.09.05"]
[EventType "swiss"]
[EventRounds "7"]
[EventCountry "ENG"]

1. e4 c5 2. Nc3 g6 3. g3 Bg7 4. Bg2 Nc6 5. d3 d6 6. Nf3 Nf6 7. O-O O-O 8. Bg5
Rb8 9. Qd2 Nd4 10. Ne2 Ne8 11. c3 Nxe2+ 12. Qxe2 Qc7 13. Qd2 b5 14. Bh6 b4 15.
Bxg7 Kxg7 16. c4 e5 1/2-1/2

[Event "Paignton Ron Bruce Premier"]
[Site "Paignton"]
[Date "2010.09.11"]
[Round "7"]
[White "Mordue, A Tyson"]
[Black "Arkell, Keith C"]
[Result "1/2-1/2"]
[WhiteElo "2258"]
[BlackElo "2439"]
[Annotator "Mordue Tyson"]
[PlyCount "90"]
[EventDate "2010.09.05"]
[EventType "swiss"]
[EventRounds "7"]
[EventCountry "ENG"]

1. e4 c6 2. d4 d5 3. Nc3 dxe4 4. Nxe4 Nd7 5. Nf3 Ngf6 6. Nxf6+ Nxf6 7. Bc4 Bf5
8. Qe2 e6 9. Bg5 Be7 10. O-O-O Nd5 11. Bxe7 Qxe7 12. Kb1 Nb4 $5 13. Ne1 Rd8 14.
g4 Bg6 15. Qe5 O-O 16. h4 b5 17. Bb3 Qd6 18. Qxd6 Rxd6 19. h5 Be4 20. f3 Bd5
21. Bxd5 (21. c3 {was simpler}) 21... Nxd5 22. Nd3 $2 Ne3 23. Rde1 Nc4 24. Ne5
{White is lucky not to be dropping a Pawn here, and he needs to find a couple
of inspired moves shortly.} 24... Rxd4 25. Nxc6 Rd6 26. Ne5 Nd2+ 27. Kc1 f6 28.
Re2 $1 Rfd8 ({If} 28... fxe5 29. Rxd2 Rxd2 30. Kxd2 Rxf3 31. Re1 {and Black's
Pawns are just as weak as White's. But what can White do now without losing to
a tactic based on d1?}) 29. Nc6 $1 Rxc6 ({If} 29... R8d7 30. Nb8 Rd8 31. Nc6 {
repeats. Slightly better was damaging White's Pawns with} Nb3+) 30. Rxd2 Rxd2
31. Kxd2 Kf7 32. Re1 e5 33. Re4 Ke6 34. a4 {Now I was confident I could draw
easily} 34... a6 35. axb5 axb5 36. Rb4 Rc5 37. b3 f5 38. c4 fxg4 39. fxg4 bxc4
40. Rxc4 Rb5 41. Rc7 $1 {The simplest. Black can win a Pawn but the
liquidation is too great} 41... Kf6 42. g5+ Kxg5 43. Rxg7+ Kh6 44. Re7 Rxb3 45.
Rxe5 Rh3 1/2-1/2

[Event "Paignton Ron Bruce Premier"]
[Site "Paignton"]
[Date "2010.09.11"]
[Round "7"]
[White "Pickersgill, Adrian O"]
[Black "James, Russell A"]
[Result "0-1"]
[WhiteElo "2030"]
[BlackElo "2202"]
[PlyCount "80"]
[EventDate "2010.09.05"]
[EventType "swiss"]
[EventRounds "7"]
[EventCountry "ENG"]

1. e4 e5 2. Bb5 c6 3. Ba4 Bc5 4. Nf3 d6 5. h3 Nf6 6. d3 O-O 7. O-O h6 8. c3 Bb6
9. Nbd2 Nbd7 10. d4 Re8 11. Re1 Nf8 12. Bc2 Ng6 13. Nf1 exd4 14. cxd4 d5 15.
Ng3 dxe4 16. Nxe4 Bf5 17. Nxf6+ Qxf6 18. Be3 Rad8 19. Bxf5 Qxf5 20. Qb3 Qd5 21.
Qxd5 Rxd5 22. Rac1 f6 23. Rc4 Kf7 24. Rf1 Ne7 25. g4 Nc8 26. b4 Nd6 27. Rc2 Nb5
28. Rd1 Red8 29. Rcd2 R8d7 30. a4 Nd6 31. a5 Bc7 32. Rc2 a6 33. Nd2 Nb5 34. Nb3
Bd6 35. Rc4 Na3 36. Nc5 Nxc4 37. Nxd7 Bxb4 38. Rb1 Rxd7 39. Rxb4 Ne5 40. d5
cxd5 0-1

[Event "Paignton Ron Bruce Premier"]
[Site "Paignton"]
[Date "2010.09.11"]
[Round "7"]
[White "Simons, Martin J"]
[Black "Jenks, Chris Bruce"]
[Result "1/2-1/2"]
[WhiteElo "2178"]
[BlackElo "2124"]
[PlyCount "56"]
[EventDate "2010.09.05"]
[EventType "swiss"]
[EventRounds "7"]
[EventCountry "ENG"]

1. e4 c5 2. Nf3 g6 3. d4 cxd4 4. Nxd4 Bg7 5. Nc3 Nc6 6. Nde2 Nf6 7. g3 O-O 8.
Bg2 Rb8 9. Nd5 b5 10. O-O Ne8 11. c3 a5 12. Nd4 b4 13. Bg5 f6 14. Bd2 Ba6 15.
Re1 Ne5 16. Bf4 Nc6 17. Ne3 bxc3 18. bxc3 Nd6 19. Qa4 Qc7 20. Nb3 Rfc8 21. Red1
Nf7 22. Qxa5 Qxa5 23. Nxa5 Rb6 24. Ng4 f5 25. Ne5 Bxe5 26. Bxe5 Nfxe5 27. Nb3
fxe4 28. Bxe4 d5 {The remasinder of the score casnnot be deciphered.} 1/2-1/2

[Event "Paignton Ron Bruce Premier"]
[Site "Paignton"]
[Date "2010.09.11"]
[Round "7"]
[White "Taylor, Geoffrey P"]
[Black "Hempson, Peter W"]
[Result "0-1"]
[WhiteElo "1957"]
[BlackElo "2111"]
[PlyCount "67"]
[EventDate "2010.09.05"]
[EventType "swiss"]
[EventRounds "7"]
[EventCountry "ENG"]

1. e4 c6 2. d4 d5 3. Nd2 dxe4 4. Nxe4 Nd7 5. Nf3 Ngf6 6. Ng3 Qc7 7. Bc4 e6 8.
Qe2 Nb6 9. Bb3 c5 10. dxc5 Bxc5 11. Bg5 Nbd5 12. O-O-O O-O 13. Kb1 Bd7 14. c4
Nb6 15. Bxf6 gxf6 16. Nh5 Be7 17. Rd4 Qc5 18. g4 Bc6 19. Rf4 Rad8 20. Rg1 Bxf3
21. Qxf3 Rd2 22. Rxf6 Qd4 23. Qc3 Qxc3 24. bxc3 Bxf6 25. Nxf6+ Kg7 26. Nh5+ Kh8
27. Rg2 Rc8 28. Kc1 Rd3 29. Kc2 Rf3 30. g5 Nxc4 31. Nf6 Ne5 32. Ne4 Nd7 33. Kd2
Nc5 34. Ke2 {The remainder of the score cannot be deciohered.} 0-1

[Event "Paignton Ron Bruce Premier"]
[Site "Paignton"]
[Date "2010.09.11"]
[Round "7"]
[White "Webster, Richard J"]
[Black "Dilleigh, Stephen P"]
[Result "1/2-1/2"]
[WhiteElo "1956"]
[BlackElo "2110"]
[PlyCount "50"]
[EventDate "2010.09.05"]
[EventType "swiss"]
[EventRounds "7"]
[EventCountry "ENG"]

1. c4 Nf6 2. g3 g6 3. Bg2 Bg7 4. Nc3 O-O 5. d3 d6 6. Bg5 h6 7. Bd2 Nc6 8. Rb1
Bd7 9. Nf3 Qc8 10. O-O Bh3 11. Nd5 Bxg2 12. Kxg2 h5 13. Qc2 e6 14. Nxf6+ Bxf6
15. Bc3 e5 16. e4 Kg7 17. Ng1 h4 18. f4 hxg3 19. hxg3 Qd7 20. Qe2 Rh8 21. f5
Rh7 22. g4 Rah8 23. Nf3 Nd4 24. Nxd4 exd4 25. Rh1 Be5 1/2-1/2

[Event "Paignton Ron Bruce Premier"]
[Site "Paignton"]
[Date "2010.09.11"]
[Round "7"]
[White "Wells, Jonathan C"]
[Black "Spanton, Timothy R"]
[Result "0-1"]
[WhiteElo "2072"]
[BlackElo "2020"]
[PlyCount "108"]
[EventDate "2010.09.05"]
[EventType "swiss"]
[EventRounds "7"]
[EventCountry "ENG"]

1. d4 d5 2. c4 e5 3. dxe5 d4 4. Nf3 Nc6 5. g3 Nge7 6. Bg2 Ng6 7. Bg5 Qd7 8. O-O
Ngxe5 9. Nxe5 Nxe5 10. Qc2 Qf5 11. Qxf5 Bxf5 12. b3 f6 13. Bf4 O-O-O 14. Nd2
Ng6 15. e4 Nxf4 16. gxf4 Bb4 17. Rad1 Bg6 18. Bh3+ Kb8 19. f3 Rhe8 20. Rfe1 Bd6
21. f5 Bf7 22. Bf1 Bh5 23. Bd3 Bf4 24. Kg2 g6 25. fxg6 Rg8 26. e5 fxe5 27. Ne4
Rxg6+ 28. Ng3 Rg7 29. Kf2 Be3+ 30. Ke2 Rdg8 31. Be4 Bg6 32. Bd5 Bf7 33. Be4 Bf4
34. a4 h5 35. Rh1 Bxg3 36. hxg3 Rxg3 37. Rdf1 c5 38. Rf2 Rg2 39. Kf1 Rxf2+ 40.
Kxf2 Kc7 41. Rh4 b6 42. Bf5 Kd6 43. Be4 Rg7 44. Rh1 Ke7 45. Rh2 Kf6 46. Rh1 Bg6
47. Bxg6 Kxg6 48. Rg1+ Kf6 49. Rh1 Rg5 50. Rh4 Rf5 51. Kg3 Kg5 52. Rh1 h4+ 53.
Kg2 Rf4 54. Re1 Rf5 0-1

[Event "Paignton Ron Bruce Premier"]
[Site "Paignton"]
[Date "2010.09.11"]
[Round "7"]
[White "Wheeler, John Francis"]
[Black "Milnes, Anthony CP"]
[Result "1/2-1/2"]
[WhiteElo "2120"]
[BlackElo "2075"]
[PlyCount "30"]
[EventDate "2010.09.05"]
[EventType "swiss"]
[EventRounds "7"]
[EventCountry "ENG"]

1. d4 e6 2. c4 f5 3. g3 Nf6 4. Bg2 Be7 5. Nf3 O-O 6. O-O d6 7. Nc3 a5 8. Qc2
Nc6 9. e4 e5 10. dxe5 dxe5 11. Bg5 Nxe4 12. Bxe7 Qxe7 13. Nxe4 fxe4 14. Qxe4
Bf5 15. Qe3 Rad8 1/2-1/2